000 00944nam a22002777a 4500
001 BR7500309
003 BR-BrBNA
005 20230928084719.0
007 ta
008 230509b bl.||||| |||| 00| 0 por d
040 _aBR-BrBNA
_bpor
_cBiblioteca Nacional de Agricultura
041 _a(Por)
072 _aD10; A00
_b/G514
090 _ D10 BR7500309
110 1 _aSubsecretaria de Planejamento e Orcamento, Brasilia, DF (Brasil)
245 1 _aRelatorio 2. Projeto preliminar referente ao contrato de prestacao de servicos tecnicos entre a Secretaria de Modernizacao e Reforma Administrativa e o Professor Raimar Richers [Brasil]
260 3 _aBrasilia, DF (Brasil):
_c[nd].
300 _a87 p.
500 _aPublished 1975?
650 _aADMINISTRACAO DE PESSOAL
650 _aAGRICULTURA
650 _aMODERNIZACAO ADMINISTRATIVA
650 _aDESENVOLVIMENTO AGRICOLA
909 _a202309
_bLucia
_c55
_dLucia Elande
942 _cBK
999 _c20652
_d20652